| 000 | 01049nam a2200301 4500 | ||
|---|---|---|---|
| 003 | EC-UNACH | ||
| 005 | 20260313110559.0 | ||
| 006 | s||||gr|||| 00| 00 | ||
| 008 | 150116t9999 mx r gr 000 0 spa d | ||
| 020 | _aS/N | ||
| 040 |
_aEC-UNACH _cEC-UNACH |
||
| 041 | _aspa | ||
| 082 | 0 | 4 |
_223 _a863.64 _bL025278 |
| 110 | _aEdiciones Destino | ||
| 245 | _aLibro de las memorias de las cosas | ||
| 250 | _aPrimera edición | ||
| 264 |
_aEspaña _bEdiciones Destino _c1970 |
||
| 300 | _a389 paginas | ||
| 505 | _a- Reglas que deben observarse durante la visita y culto de nuestra iglesia -Deben ofrecerse los libros de canticos a las personas nuevas que hayan entrado en el culto -No se por que consintió Muñoz reunirse allí -Y que tiene de malo | ||
| 650 | _aREGLAS QUE DEBEN OBSERVARSE | ||
| 650 | _aOBRAR CON HONESTIDAD | ||
| 650 | _aLA COMUNIDAD | ||
| 700 | _aJesús Fernández Santos | ||
| 942 |
_2ddc _c1 |
||
| 999 | _c14396 | ||